00580cam a2200157 4500008004100000020001800041035002000059050001900079110003500098245015900133250001200292260006500304300001600369504002300385650001400408120117n 000 0 eng u a9781581102857 a(Sirsi) a175274 aRJ 27 AME 20081 aAmerican Academy of Pediatrics aPediatric clinical practice guidelines and policies :ba compendium of evidence-based research for pediatric practice /cby American academy of pediatrics a8th ed. aElk Grove Village :bAmerican Academy of Pediatrics, c2008. axvi, 1016p. aIncludes an index. aPediatric